000 00294nam a2200133Ia 4500
008 191201s2009 xx 000 0 und d
100 _aJAIN,RK
245 0 _aRetail Management
250 _a1st
260 _aN. Delhi
_bVayu Edu. India
_c2009
300 _a342
650 _aBBA
942 _2ddc
_cBK
999 _c113
_d113